000 00516nam a2200169 4500
001 112008
003 ES-MaACL
005 20240424063051.0
007 t|
008 061121s1969 sp r ||||1| spa d
100 0 _aOrozco Díaz, Emilio,
_d1909-1987
_987342
245 1 3 _aEl teatro y la teatralidad del Barroco /
_cEmilio Orozco Díaz.
260 _aBarcelona :
_bPlaneta,
_c1969.
300 _a244 p., 8 lám. :
_bil. ;
_c22 cm.
852 _aES-MaACL
_jC-38579
_bR.70564
999 _c112008
_d112008